Пути совершенствования поисков по вторичным ореолам и потокам рассеяния; Гидрогеохимические поиски месторождений полезных ископаемых

書誌詳細
Parent link:Гидрогеохимические поиски месторождений полезных ископаемых.— 1986.— С. 29-30
第一著者: Шварцев С. Л. Степан Львович
その他の著者: Дутова Е. М. Екатерина Матвеевна
言語:ロシア語
出版事項: 1986
主題:
フォーマット: 図書の章
KOHA link:https://koha.lib.tpu.ru/cgi-bin/koha/opac-detail.pl?biblionumber=149383

MARC

LEADER 00000naa2a2200000 4500
001 149383
005 20240205143046.0
035 |a (RuTPU)RU\TPU\book\161944 
090 |a 149383 
100 |a 20081216d1986 k y0rusy50 ca 
101 0 |a rus 
102 |a RU 
200 1 |a Пути совершенствования поисков по вторичным ореолам и потокам рассеяния  |f С. Л. Шварцев, Е. М. Дутова 
463 0 |0 (RuTPU)RU\TPU\book\78422  |t Гидрогеохимические поиски месторождений полезных ископаемых  |o тезисы докладов Всесоюзного совещания, Томск, ноябрь, 1986  |f Томский политехнический институт ; Сибирский научно-исследовательский институт геологии, геофизики и минерального сырья ; Академия наук СССР (АН СССР) ; отв. ред. С. Л. Шварцев  |v С. 29-30  |d 1986  |p 170 с. 
610 1 |a труды учёных ТПУ 
700 1 |a Шварцев  |b С. Л.  |c российский гидрогеолог, доктор геолого-минералогических наук  |c профессор Томского политехнического университета, академик РАЕН  |f 1936-  |g Степан Львович  |3 (RuTPU)RU\TPU\pers\25914 
701 1 |a Дутова  |b Е. М.  |c гидрогеолог  |c профессор Томского политехнического университета, доктор геолого-минералогических наук  |f 1956-  |g Екатерина Матвеевна  |3 (RuTPU)RU\TPU\pers\26078  |9 11916 
801 1 |a RU  |b 63413507  |c 20081216  |g PSBO 
801 2 |a RU  |b 63413507  |c 20170405  |g PSBO 
942 |c BK